000 00318nam a22001457a 4500
003 OSt
008 220521b ||||| |||| 00| 0 eng d
020 _a9780753555637
082 _a920.65 VAC
100 _aVANCE, Ashlee
245 _aElon Musk
260 _aLondon
_bVirgin
_c2015
300 _a392
942 _2ddc
_cBK
999 _c11255
_d11255